000 00327 a2200145 4500
001 156889
020 _a9788573195484
040 _cEscola São Tomás de Aquino
100 _aFRANÇA, Mary
240 1 0 _aA vaca malhada!
_lpor
245 1 0 _aA vaca malhada!
362 0 _a2007
697 _a*LITERATURA INFANTIL
942 _cBK
999 _c156889
_d156889